Sports Quiz

Random Sports or State Quiz

DI Basketball Home State Quiz Stats

 Plays Quiz not verified by Sporcle

Challenge
Share
Tweet
Embed
Score 0/145 Timer 12:00
0 Plays Today
Team Name Loc. % Correct
Wake Forest Demon Deacons???
93.7%
Rice Owls???
93.7%
Stanford Cardinal???
93.7%
Fresno State Bulldogs???
93.7%
Akron Zips???
93.5%
Dayton Flyers???
92.4%
Clemson Tigers???
92.4%
Duke Blue Devils???
92.4%
Notre Dame Fighting Irish???
92.4%
Marshall Thundering Herd???
92.4%
Tulsa Golden Hurricane???
92.4%
Vanderbilt Commodores???
92.4%
Sam Houston State Bearkats???
92.4%
Brigham Young (BYU) Cougars???
92.4%
Santa Clara Broncos???
92.4%
Rutgers Scarlet Knights???
91.1%
Pacific Tigers???
91.1%
Columbia Lions???
91.1%
Stephen F. Austin Lumberjacks???
91.1%
Pepperdine Waves???
91.1%
Temple Owls???
89.9%
Xavier Musketeers???
89.9%
Purdue Boilermakers???
89.9%
James Madison Dukes???
89.9%
Southern Methodist Mustangs???
89.9%
Youngstown State Penguins???
89.9%
Butler Bulldogs???
89.9%
Cornell Big Red???
89.9%
Harvard Crimson???
89.9%
Colgate Radiers???
89.9%
Navy Midshipmen???
89.9%
Chattanooga Mocs???
89.9%
Villanova Wildcats???
88.6%
East Carolina Pirates???
88.6%
Kent State Golden Flashes???
88.6%
Air Force Falcons???
88.6%
Western Carolina Catamounts???
88.6%
Gonzaga Bulldogs???
88.6%
Abilene Christian Wildcats???
88.2%
Fordham Rams???
87.3%
St. Joseph's Hawks???
87.3%
Baylor Bears???
87.3%
William & Mary Tribe???
87.3%
Princeton Tigers???
87.3%
Binghamton Bearcats???
86.1%
Northwestern Wildcats???
86.1%
Yale Bulldogs (Elis)???
86.1%
Siena Saints???
86.1%
La Salle Explorers???
84.8%
Team Name Loc. % Correct
Dartmouth Big Green???
84.8%
Army Black Knights???
84.8%
St. Mary's Gaels???
84.8%
Canisius Golden Griffins???
83.5%
Grand Canyon Antelopes???
82.4%
Duquesne Dukes???
82.3%
George Washington Colonials???
82.3%
Marquette Golden Eagles???
82.3%
Georgetown Hoyas???
82.3%
Hofstra Pride (Flying Dutchmen)???
82.3%
Old Dominion Monarchs???
82.3%
Drexel Dragons???
82.3%
Auburn Tigers???
82.3%
Davidson Wildcats???
82.3%
St. Bonaventure Bonnies???
81%
Valparaiso Crusaders???
81%
Evansville (Purple) Aces???
81%
Prairie View A&M Panthers???
81%
Loyola Marymount Lions???
81%
Stony Brook Seawolves???
79.7%
DePaul Blue Demons???
79.7%
St. John's Red Storm???
79.7%
George Mason Patriots???
79.7%
Tulane Green Wave???
79.7%
Brown Bears???
79.7%
Iona Gaels???
79.7%
Bowling Green Falcons???
79.7%
Kennesaw State Owls???
78.5%
Northeastern Huskies???
78.5%
Marist Red Foxes???
78.5%
American (University) Eagles???
78.5%
Appalachian State Mountaineers???
78.5%
Oakland (Golden) Grizzlies???
78.5%
Seton Hall Pirates???
77.2%
Quinnipiac Bobcats???
77.2%
Monmouth Hawks???
77.2%
Lehigh Mountain Hawks???
77.2%
Incarnate Word Cardinals???
76.5%
Norfolk State Spartans???
75.9%
Murray State Racers???
75.9%
St. Francis Terriers???
75.9%
Creighton Bluejays???
74.7%
Elon Phoenix???
74.7%
(The) Citadel Bulldogs???
74.7%
High Point Panthers???
73.4%
Austin Peay Governors???
73.4%
Lafayette Leopards???
73.4%
Howard Bison???
72.2%
Northwestern State Demons???
72.2%
Team Name Loc. % Correct
Troy Trojans???
72.2%
Stetson Hatters???
70.9%
Holy Cross Crusaders???
70.9%
Weber State Wildcats???
69.6%
Fairleigh Dickinson Knights???
69.6%
Campbell (Fighting) Camels???
68.4%
Rider Broncs???
68.4%
Ball State Cardinals???
68.4%
Bradley Braves???
68.4%
Wagner Seahawks???
68.4%
Southern (University) Jaguars???
68.4%
Liberty Flames???
67.1%
Bethune-Cookman Wildcats???
67.1%
Hampton Pirates???
67.1%
Bucknell Bison???
67.1%
St. Francis Red Flash???
67.1%
Coastal Carolina Chanticleers???
65.8%
Nicholls (State) Colonels???
65.8%
Oral Roberts Golden Eagles???
65.8%
Fairfield Stags???
64.6%
Grambling (State) Tigers???
64.6%
Presbyterian Blue Hose???
63.3%
Wright State Raiders???
63.3%
Sacred Heart Pioneers???
63.3%
Bryant Bulldogs???
63.3%
McNeese State Cowboys???
63.3%
Lipscomb Bisons???
62%
Gardner-Webb Runnin' Bulldogs???
62%
Robert Morris Colonials???
62%
Lamar Cardinals???
62%
Mercer Bears???
60.8%
Towson Tigers???
60.8%
St. Peter's Peacocks???
60.8%
Drake Bulldogs???
60.8%
Belmont Bruins???
59.5%
Furman Paladins???
59.5%
Jacksonville State Gamecocks???
57%
Longwood Lancers???
55.7%
Morgan State Bears???
54.4%
Coppin State Eagles???
53.2%
Wofford Terriers???
51.9%
Alcorn State Braves???
49.4%
Winthrop Eagles???
48.1%
Radford Highlanders???
46.8%
Morehead State Eagles???
44.3%
Mount St. Mary's Mountaineers???
39.2%
Samford Bulldogs???
39.2%

You're not logged in!

Compare scores with friends on all Sporcle quizzes.
Join for Free
OR
Log In

You Might Also Like...

Show Comments

Extras

Top Quizzes Today


Score Distribution

Your Account Isn't Verified!

In order to create a playlist on Sporcle, you need to verify the email address you used during registration. Go to your Sporcle Settings to finish the process.

Report this User

Report this user for behavior that violates our Community Guidelines.

Details: